000 00309nam a22001337a 4500
008 180214b xxu||||| |||| 00| 0 eng d
020 _a9780558257132
041 _aeng
080 _a37
100 _a47
101 _aEDU
245 _aWriting research papers a complete guide
_cLester,J.D
942 _2udc
_cBK
999 _c42472
_d42472